000 01589naa a22003257a 4500
001 BR8200305
003 BR-BrBNA
005 20250721143152.0
007 ta
008 250630b bl.|||m| |||| 00| 0 por d
040 _aBR-BrBNA
_bpor
_cBiblioteca Nacional de Agricultura
041 _a(Pt)
072 _aL74; L10
_b5300
_b4350
_bG514
090 _aL74 BR8200305
100 1 _aSilveira, P.R.S. da
111 1 _a2. Simposio do Centro Nacional de Pesquisa de Suinos e Aves; 1. Simposio Catarinense de Sanidade Suina
_cConcordia, SC (Brazil)
_d9 Sep 1980
245 1 _aEstudo da infertilidade em femeas suinas descartadas [Sus domesticus; Brasil]
246 1 _a[Study of infertility in discarded female swine [Sus domesticus; Brazil]]
246 1 _a[Annals of the 2. Symposium of the National Center of Swine and Poultry Research and 1. Swine Health Symposium of Santa Catarina]
500 _aAnais do 2. Simposio do Centro Nacional de Pesquisa de Suinos e Aves e 1. Simposio Catarinense de Sanidade Suina Concordia, SC (Brasil): 1981. p. 127-131 [19 ref.] (BR8200305-AMS)
773 0 _tAnais do 2. Simposio do Centro Nacional de Pesquisa de Suinos e Aves e 1. Simposio Catarinense de Sanidade Suina
_wL74 BR8200305
_gConcordia, SC (Brasil), 1981. p. 127-131
650 _aDisturbio animal
650 _aMelhoramento genetico animal
650 _aSuino
650 _aEficiencia reprodutiva
650 _aCiclo estral
490 _aDocumentos - Centro Nacional de Pesquisa de Suinos e Aves (Brazil)
_vno. 1
942 _cAMS
_2AGRIS
909 _a202506
_bLúcia
_c55
_dLúcia Elande
999 _c334076
_d334076